000
00192nam a2200085Ia 4500
008
120527s9999 xx 000 0 und d
100
_a
Duffy, G. Karen
245
_a
Psychology 04/05
942
_c
BK
999
_c
27528
_d
27528